Ochrana krajiny ČSSR z hlediska zemědělství a lesnictví

Gespeichert in:
Bibliographische Detailangaben
Format: Buch
Sprache:Tschechisch
Veröffentlicht: Praha Academia 1981
Tags: Tag hinzufügen
Keine Tags, Fügen Sie das erste Tag hinzu!

MARC

LEADER 00000nam a2200000 4500
001 c128618
005 20250708104959.8
041 0 |a cze 
044 |a CZ 
245 1 0 |a Ochrana krajiny ČSSR  |b z hlediska zemědělství a lesnictví  |c Karel Jůva, Antonín Klečka, Dušan Zachar 
264 1 |a Praha  |b Academia  |c 1981 
300 |a 563 s.